000 01680cpcaa2200397 4500
001 mm 81016220
003 DLC
005 20260227111707.0
008 810423|||||||||||| eng
010 _amm 81016220
040 _aDLC
_cDLC
_edacs
_dDLC
072 7 _aC
_2lcmd
100 1 _aClore, Julia Alves.
245 0 0 _aKentucky history collection,
_f1775-1935
_g(bulk 1775-1843).
300 _a20
_fitems.
300 _a1
_fcontainer.
300 _a1
_fmicrofilm reel.
506 0 _aOpen to research.
520 8 _aLetters, documents, clippings, portraits, and printed matter relating to the history of Kentucky. Individuals represented in the collection include Walter Alves, Thomas Hart Benton, R.S. Blount, Nathaniel Harte, Richard Henderson, James Hogg, Samuel Goode Hopkins, and William Johnston.
530 _aSelected items available on microfilm only,
_dno. 5,754.
533 _aMicrofilm produced with permission of Julia Alves Clore.
_bWashington, D.C. :
_cLibrary of Congress Photoduplication Service,
_d1937.
533 _aPositive photostats.
_b[S.l.].
545 0 _aCollector.
546 _aCollection material in English.
600 1 0 _aAlves, Walter,
_d1768-1819.
600 1 0 _aBenton, Thomas Hart,
_d1782-1858.
600 1 0 _aBlount, R. S.
600 1 0 _aHarte, Nathaniel.
600 1 0 _aHenderson, Richard,
_d1735-1785.
600 1 0 _aHogg, James.
600 1 0 _aHopkins, Samuel Goode.
600 1 0 _aJohnston, William,
_cof Kentucky.
651 0 _aKentucky
_xHistory.
999 _c43077
_d43077